000 00439nam a2200181Ia 4500
005 20250603145808.0
008 250603s9999 xx 000 0 und d
020 _a0812106407
050 _aRF 51 .M56/
100 _aMontgomery, William W.
245 0 _aSurgery of the upper respiratory system
250 _a2nd ed.
260 _aPhiladelphia
260 _bLea & Febiger
260 _c1973
650 _aPhiladelphia
942 _cBK
999 _c42878
_d42878